000 01310nac a22003371i 4500
003 EG-ScBUE
005 20221205102656.0
008 221205s2007 ne a f b 001 0 eng d
020 _a9780750668446 (pbk.)
020 _a075066844X (pbk.)
040 _aEG-ScBUE
_beng
_erda
_cEG-ScBUE
_dEG-ScBUE
082 0 4 _a725.8043
_bJOH
_222
100 1 _aJohn, Geraint,
_eauthor.
245 1 0 _aStadia :
_ba design and development guide /
_cGeraint John, Rod Sheard and Ben Vickery ; [foreword by Jacques Rogge].
250 _aFourth edition.
264 1 _aAmsterdam ;
_aBoston :
_bElsevier / Architectural Press,
_c2007.
300 _axiv, 306 pages :
_billustrations (some color) ;
_c28 cm
336 _2rdacontent
_atext
_btxt
337 _2rdamedia
_aunmediated
_bn
338 _2rdacarrier
_avolume
_bnc
504 _aIncludes bibliographical references and index.
650 7 _aStadiums
_xDesign and construction.
_2BUEsh
650 7 _aStadiums
_xManagement.
_2BUEsh
653 _bENGARC
655 _vReading book
700 1 _aSheard, Rod,
_eauthor.
700 1 _aVickery, Ben,
_eauthor.
700 1 _aRogge, Jacques,‏
_d1942-2021,
_eauthor of introduction, etc.
856 4 2 _3Publisher description
_uhttp://www.loc.gov/catdir/enhancements/fy0803/2007280917-d.html
942 _cBB
_k725.8043 JOH
_2ddc
999 _c8909
_d8909